000 00596nam a22002297a 4500
003 UA-OsUOA
001 100045
007 ta
008 20130521b un ||||| |||| 00| 0 ukr d
100 _aФальберг Г.
090 _a821.111
_bФ19
942 _cBK
040 _aUA-OsUOA
_bukr
_cUA-OsUOA
_dUA-OsUOA
245 _aЗлочинця викривають зорі
300 _a209 с.
955 _a3
041 _aukr
080 _a821.111
260 _aК.
_bМолодь
_c1958
650 7 _a82 Література. Літературознавство
_2UDC
999 _c386292
_d386292